| 000 | 00501nam a2200157 i 4500 | ||
|---|---|---|---|
| 001 | 91343 | ||
| 003 | ES-MaACL | ||
| 005 | 20251004063132.0 | ||
| 007 | t| | ||
| 008 | 050128s1918 ag ||||1| spa d | ||
| 100 | 1 |
_aLevene, Ricardo, _d1885-1959 _971926 |
|
| 245 | 1 | 3 |
_aLa traducción y publicación portuguesa de 1810 de la Representación de los Hacendados de Moreno / _cRicardo Levene. |
| 260 |
_aBuenos Aires : _b[s.n.], _c1918. |
||
| 852 |
_aES-MaACL _j1609-F-6 |
||
| 999 |
_c91343 _d91343 |
||